00500nam a2200181 a 450000100060000000300090000600800410001502000150005604000280007108200180009910000310011724500380014826000540018630000090024049000170024965000300026665000220029620409CO-ViMGA141112s2004 ck r 000 u spa d a9583800899 aCO-ViMGAbspacCO-ViMGA04aCo861.6 J171l1 aJaramillo Agudelo, Darío10aLibros de poemas : bobra reunida aBogotá : bFondo de cultura económica, c2003 a312p aTierra Firme14aPOESIA AMOROSA COLOMBIANA14aPOESIA COLOMBIANA